LIBRARY & INFORMATION CENTRE, KCAET, TAVANUR

ONLINE PUBLIC ACCESS CATALOGUE (OPAC)

Building of the Modern world, part 2 The age of Discovery / (Record no. 1267)

MARC details
000 -LEADER
fixed length control field 00456cam a2200169ua 4500
041 ## - LANGUAGE CODE
Language code of text/sound track or separate title eng
082 ## - DEWEY DECIMAL CLASSIFICATION NUMBER
Classification number 930
Item number BRE/BU
100 ## - MAIN ENTRY--AUTHOR NAME
Personal name Brendon, J.A .
245 ## - TITLE STATEMENT
Title Building of the Modern world, part 2 The age of Discovery /
260 ## - PUBLICATION, DISTRIBUTION, ETC. (IMPRINT)
Place of publication London :
Name of publisher Edward Arnold publishers ltd ,
Year of publication 1959.
300 ## - PHYSICAL DESCRIPTION
Number of Pages 191 ; .
700 1# - ADDED ENTRY--PERSONAL NAME
Personal name Hist.S, F.R .
942 ## - ADDED ENTRY ELEMENTS (KOHA)
Koha item type Books
Holdings
Withdrawn status Lost status Damaged status Home library Current library Date acquired Full call number Accession Number Koha item type
Withdrawn     KAUAET KAUAET 07/04/2012 930 3972 Books
Withdrawn     KAUAET Malayalam University 07/04/2012 930 4796 Books
free website counter